Sports biomechanics (Record no. 393715)

MARC details
000 -LEADER
fixed length control field 00483 a2200193 4500
005 - DATE & TIME
control field 20260112150917.0
008 - FIXED-LENGTH DATA ELEMENTS--GENERAL INFORMATION
fixed length control field 260112b |||||||| |||| 00| 0 eng d
020 ## - ISBN
International Standard Book Number 9789358775730
Price Rs.1000.00
040 ## - CATALOGING SOURCE
Original cataloging agency VIVEKANANDA LIBRARY
082 ## - DDC NUMBER
Classification number 796.07617027
Book Number G741S
100 ## - MAIN ENTRY--PERSONAL NAME
Personal name Goun, Jai Bhagwan Singh
110 ## - MAIN ENTRY--CORPORATE NAME
Corporate name `
245 ## - TITLE STATEMENT
Title Sports biomechanics
260 ## - PUBLICATION, DISTRIBUTION, ETC. (IMPRINT)
Name of publisher, distributor, etc Khel Sahitya Kendra
Date of publication, distribution, etc 2026
Place of publication, distribution, etc New Delhi
300 ## - PHYSICAL DESCRIPTION
Pages 224
650 ## - Subject
Subject Physical Education
650 ## - Subject
Subject Sports
942 ## - ADDED ENTRY ELEMENTS (KOHA)
Koha item type Books
Holdings
Withdrawn status Lost status Source of classification or shelving scheme Damaged status Not for loan Location (home branch) Sublocation or collection (holding branch) Shelving location Date acquired Koha issues (times borrowed) Koha full call number Accession No. Koha date last seen Koha item type
    Dewey Decimal Classification     VIVEKANANDA LIBRARY VIVEKANANDA LIBRARY Vivekananda Library 12/12/2025   796.07617027 G741S 443651 12/12/2025 Books
© Designed and Maintained by Vivekananda Library, MDU Rohtak